[Event "Wch U16 Girls"]
[Site "Montesilvano"]
[Date "2023.11.13"]
[Round "1"]
[White "Lazovic, Emilija"]
[Black "Siekanska, Maria"]
[Result "0-1"]
[WhiteElo "1690"]
[BlackElo "2180"]
[PlyCount "74"]
[EventDate "2023.11.13"]
[EventType "swiss"]
[EventRounds "11"]
[EventCountry "ITA"]
[SourceTitle "CB48_2023"]
[SourceDate "2023.11.29"]
[SourceVersion "1"]
[SourceVersionDate "2023.11.29"]
[SourceQuality "1"]

1. e4 c5 2. Nf3 d6 3. d4 cxd4 4. Nxd4 Nf6 5. Nc3 a6 6. a4 e6 7. Be2 Nc6 8. Be3 Be7 9. 0-0 0-0 10. Kh1 Qc7 11. f4 Re8 12. Bf3 Rb8 13. g4 Nxd4 14. Bxd4 e5 15. Ba7 Ra8 16. Be3 exf4 17. Bxf4 Be6 18. Rg1 Nd7 19. Nd5 Bxd5 20. Qxd5 Qxc2 21. g5 Ne5 22. Bxe5 dxe5 23. Rg2 Qc7 24. g6 hxg6 25. Rxg6 Rad8 26. Qb3 Rd6 27. Rg2 Qb6 28. Qa2 Rf6 29. Rg3 Bc5 30. b3 Bf2 31. Rh3 Rd8 32. Rf1 Be3 33. Rg3 Rd2 34. Qb1 Qd4 35. Rg2 Rxf3 36. Rxd2 Rxf1+ 37. Qxf1 Qxd2 0-1

[Event "POL-ch Rapid U18 Girls"]
[Site "Bydgoszcz"]
[Date "2023.08.30"]
[Round "7"]
[White "Predkiewicz, Paulina"]
[Black "Siekanska, Maria"]
[Result "0-1"]
[WhiteElo "1297"]
[BlackElo "1995"]
[PlyCount "103"]
[EventDate "2023.08.28"]
[EventType "swiss"]
[EventRounds "11"]
[EventCountry "POL"]
[SourceTitle "EXT 2024"]
[Source "ChessBase"]
[SourceDate "2023.10.10"]
[SourceVersion "1"]
[SourceVersionDate "2023.10.10"]
[SourceQuality "1"]

1. e4 c5 2. Nf3 e6 3. d4 cxd4 4. Nxd4 Nf6 5. Nc3 d6 6. Be3 a6 7. f3 Be7 8. Qd2 0-0 9. 0-0-0 Nc6 10. g4 Nxd4 11. Qxd4 Nd7 12. Bf2 b5 13. a3 Ne5 14. Be2 Nc6 15. Qe3 Rb8 16. h4 b4 17. axb4 Nxb4 18. f4 Qa5 19. Kd2 d5 20. Bd3 d4 21. Qxd4 Nxd3 22. cxd3 Rxb2+ 23. Ke1 Rc2 24. Kf1 Qxc3 25. Qe3 Bc5 26. Qxc5 Qxc5 27. Bxc5 Rxc5 28. Rh2 Bd7 29. Rhd2 Rfc8 30. d4 Rc2 31. d5 Rxd2 32. Rxd2 exd5 33. exd5 Bxg4 34. d6 Bd7 35. Kf2 a5 36. Ke3 a4 37. Kd4 f6 38. Kd5 Kf7 39. Re2 Re8 40. Rc2 Ra8 41. Rc7 Ke8 42. Rc2 a3 43. Ra2 Ra5+ 44. Kd4 Be6 45. Ra1 a2 46. Kc3 Kd7 47. Kb4 Ra8 48. Kc3 Rb8 49. Kc2 Rb1 50. Rxb1 Bf5+ 51. Kc3 axb1Q 52. Kd4 0-1

[Event "POL-ch Rapid U18 Girls"]
[Site "Bydgoszcz"]
[Date "2023.08.30"]
[Round "8"]
[White "Siekanska, Maria"]
[Black "Slusarczyk, Anna"]
[Result "1-0"]
[WhiteElo "1995"]
[BlackElo "1777"]
[PlyCount "61"]
[EventDate "2023.08.28"]
[EventType "swiss"]
[EventRounds "11"]
[EventCountry "POL"]
[SourceTitle "EXT 2024"]
[Source "ChessBase"]
[SourceDate "2023.10.10"]
[SourceVersion "1"]
[SourceVersionDate "2023.10.10"]
[SourceQuality "1"]

1. d4 Nf6 2. c4 e6 3. g3 d5 4. Bg2 Be7 5. Nf3 0-0 6. 0-0 b6 7. cxd5 exd5 8. Nc3 Bb7 9. Bf4 a6 10. Rc1 Nh5 11. Ne5 Nxf4 12. gxf4 Kh8 13. Qb3 Nc6 14. Nxc6 Bxc6 15. Nxd5 Bxd5 16. Bxd5 Ra7 17. e3 Bd6 18. Bc6 g5 19. Kh1 gxf4 20. e4 Qh4 21. Qf3 f5 22. e5 Be7 23. Rg1 Bg5 24. e6 Rg8 25. Rce1 Rg6 26. Rxg5 Qxg5 27. e7 Rg8 28. e8Q Rxe8 29. Rxe8+ Kg7 30. Qd5 f3 31. Rg8+ 1-0

[Event "POL-ch Rapid U18 Girls"]
[Site "Bydgoszcz"]
[Date "2023.08.29"]
[Round "1"]
[White "Kicinska, Magdalena"]
[Black "Siekanska, Maria"]
[Result "0-1"]
[WhiteElo "1373"]
[BlackElo "1995"]
[PlyCount "60"]
[EventDate "2023.08.28"]
[EventType "swiss"]
[EventRounds "11"]
[EventCountry "POL"]
[SourceTitle "EXT 2024"]
[Source "ChessBase"]
[SourceDate "2023.10.10"]
[SourceVersion "1"]
[SourceVersionDate "2023.10.10"]
[SourceQuality "1"]

1. d4 d5 2. Nf3 e6 3. c4 Nf6 4. g3 dxc4 5. Bg2 Bd7 6. 0-0 Bc6 7. Nbd2 b5 8. a4 a6 9. e3 Be7 10. Qc2 0-0 11. axb5 axb5 12. Rxa8 Bxa8 13. b3 cxb3 14. Nxb3 Nbd7 15. Bd2 Nb6 16. Rc1 Nc4 17. Be1 Be4 18. Qd1 Qd5 19. Nh4 Bxg2 20. Nxg2 Ra8 21. Nf4 Qb7 22. Nd2 Nxd2 23. Bxd2 Bd6 24. Qc2 Ne4 25. Nd3 Ng5 26. h4 Nf3+ 27. Kf1 Qd5 28. Nb4 Nxd2+ 29. Qxd2 Bxb4 30. Qxb4 Qh1+ 0-1

[Event "POL-ch Rapid U18 Girls"]
[Site "Bydgoszcz"]
[Date "2023.08.29"]
[Round "5"]
[White "Seemann, Pola"]
[Black "Siekanska, Maria"]
[Result "0-1"]
[WhiteElo "1700"]
[BlackElo "1995"]
[PlyCount "68"]
[EventDate "2023.08.28"]
[EventType "swiss"]
[EventRounds "11"]
[EventCountry "POL"]
[SourceTitle "EXT 2024"]
[Source "ChessBase"]
[SourceDate "2023.10.10"]
[SourceVersion "1"]
[SourceVersionDate "2023.10.10"]
[SourceQuality "1"]

1. e4 e5 2. Nf3 Nc6 3. Bc4 Bc5 4. c3 Nf6 5. d3 0-0 6. 0-0 d6 7. Bb3 a5 8. h3 Be6 9. Bc2 Ba7 10. Re1 Ne7 11. Nbd2 Ng6 12. Nf1 c6 13. Ng3 Qc7 14. Bg5 d5 15. Bxf6 gxf6 16. Nh5 f5 17. Qd2 f6 18. exf5 Bxf5 19. Ng3 Bd7 20. Qh6 Rae8 21. Nh4 Nxh4 22. Qxh4 Qd6 23. Nh5 f5 24. d4 e4 25. Re3 f4 26. Ree1 Bb6 27. g4 Bd8 28. g5 Qg6 29. Nxf4 Qxg5+ 30. Qxg5+ Bxg5 31. Ne2 Kh8 32. Kh2 Rxf2+ 33. Kg1 Bh4 34. Kh1 Rg8 0-1

[Event "Polanica Zdroj op 59th"]
[Site "Polanica Zdroj"]
[Date "2023.08.21"]
[Round "3"]
[White "Siekanska, Maria"]
[Black "Lambrecht, Tomasz"]
[Result "1/2-1/2"]
[WhiteElo "2000"]
[BlackElo "2027"]
[PlyCount "94"]
[EventDate "2023.08.19"]
[EventType "swiss"]
[EventRounds "9"]
[EventCountry "POL"]
[SourceTitle "CBM 215 Extra"]
[Source "ChessBase"]
[SourceDate "2023.09.30"]
[SourceVersion "1"]
[SourceVersionDate "2023.09.30"]
[SourceQuality "1"]

1. d4 Nf6 2. c4 e6 3. g3 d5 4. Bg2 dxc4 5. Nf3 c5 6. 0-0 Nc6 7. Qa4 Bd7 8. Qxc4 b5 9. Qc3 b4 10. Qd3 Rc8 11. dxc5 Bxc5 12. Bg5 Be7 13. Nbd2 0-0 14. Nc4 h6 15. Bd2 Be8 16. Qxd8 Nxd8 17. Rac1 Bb5 18. Nce5 Nc6 19. Nxc6 Bxc6 20. Ne5 Bb5 21. Nc6 Bxc6 22. Bxc6 Rfd8 23. Be3 Rc7 24. Bf4 Bd6 25. Rfd1 Nd5 26. Bxd6 Rxd6 27. Bb5 Rxc1 28. Rxc1 f5 29. Rc8+ Kf7 30. Ra8 Rb6 31. Rxa7+ Kf6 32. Bc4 Ne7 33. Ra6 Rxa6 34. Bxa6 Nc6 35. e3 Ke5 36. Kf1 Kd6 37. Ke1 Ne5 38. Be2 g5 39. Kd2 Kc5 40. a4 Nc6 41. b3 Na5 42. Kc2 e5 43. g4 f4 44. Bf3 Kd6 45. Be4 Kc5 46. Bh7 fxe3 47. fxe3 Nb7 1/2-1/2

[Event "Polanica Zdroj op 59th"]
[Site "Polanica Zdroj"]
[Date "2023.08.19"]
[Round "1"]
[White "Siekanska, Maria"]
[Black "Campos, Maria Jose"]
[Result "0-1"]
[WhiteElo "2000"]
[BlackElo "2212"]
[PlyCount "68"]
[EventDate "2023.08.19"]
[EventType "swiss"]
[EventRounds "9"]
[EventCountry "POL"]
[SourceTitle "CBM 215 Extra"]
[Source "ChessBase"]
[SourceDate "2023.09.30"]
[SourceVersion "1"]
[SourceVersionDate "2023.09.30"]
[SourceQuality "1"]

1. d4 Nf6 2. c4 e6 3. Nc3 Bb4 4. e3 0-0 5. Bd3 d5 6. cxd5 exd5 7. Nge2 Re8 8. Bd2 c5 9. a3 Bxc3 10. Bxc3 c4 11. Bc2 Nc6 12. 0-0 Bg4 13. f3 Bh5 14. Qd2 Bg6 15. Bxg6 hxg6 16. Ng3 b5 17. Rab1 a5 18. b4 axb4 19. axb4 Ra3 20. Ra1 Rb3 21. Ra6 Re6 22. Rfa1 Qe7 23. e4 dxe4 24. fxe4 Nxe4 25. Nxe4 Rxe4 26. d5 Ne5 27. d6 Qh4 28. Rf1 Kh7 29. Ra7 Qd8 30. Re7 f6 31. Qd5 Qb6+ 32. Kh1 Rf4 33. Re1 Qf2 34. Qd1 Rxc3 0-1

[Event "POL-ch U16 Girls"]
[Site "Jastrzebia Gora"]
[Date "2023.??.??"]
[Round "7"]
[White "Szczotka, Klara"]
[Black "Siekanska, Maria"]
[Result "1-0"]
[WhiteElo "1739"]
[BlackElo "1996"]
[PlyCount "67"]
[EventDate "2023.03.11"]
[EventType "swiss"]
[EventRounds "9"]
[EventCountry "POL"]
[SourceTitle "CBM 213 Extra"]
[Source "ChessBase"]
[SourceDate "2023.05.31"]
[SourceVersion "1"]
[SourceVersionDate "2023.05.31"]
[SourceQuality "1"]

1. e4 c5 2. Nf3 d6 3. d4 cxd4 4. Nxd4 Nf6 5. Nc3 a6 6. Be3 e6 7. f3 b5 8. a3 Bb7 9. Qd2 Nbd7 10. g4 Nb6 11. 0-0-0 Rc8 12. h4 Nfd7 13. Rh3 Be7 14. g5 Ne5 15. Qe1 Nec4 16. Bg1 Qc7 17. f4 b4 18. axb4 d5 19. exd5 Nxd5 20. Nxd5 Bxd5 21. Bxc4 Bxc4 22. f5 e5 23. f6 gxf6 24. gxf6 exd4 25. Qxe7+ Qxe7 26. fxe7 Kxe7 27. Bxd4 Rhg8 28. Bc5+ Kf6 29. Rf3+ Ke5 30. Re1+ Kd5 31. Rxf7 Rg6 32. Rxh7 a5 33. Rh5+ Kc6 34. bxa5 1-0

[Event "POL-ch U20 Girls"]
[Site "Karpacz"]
[Date "2022.11.25"]
[Round "8"]
[White "Siekanska, Maria"]
[Black "Kulpa, Zuzanna"]
[Result "1/2-1/2"]
[WhiteElo "2029"]
[BlackElo "1928"]
[PlyCount "118"]
[EventDate "2022.11.19"]
[EventType "swiss"]
[EventRounds "9"]
[EventCountry "POL"]
[SourceTitle "EXT 2024"]
[Source "ChessBase"]
[SourceDate "2023.10.10"]
[SourceVersion "1"]
[SourceVersionDate "2023.10.10"]
[SourceQuality "1"]

1. d4 Nf6 2. c4 e6 3. g3 c5 4. Nf3 cxd4 5. Nxd4 d5 6. Bg2 Bb4+ 7. Nd2 Qb6 8. N4f3 0-0 9. 0-0 Nc6 10. Qc2 Bxd2 11. Bxd2 dxc4 12. Qxc4 e5 13. Bc3 Be6 14. Qh4 Qb5 15. e3 Rfe8 16. Rfd1 Bg4 17. a4 Qc5 18. Rac1 Qe7 19. h3 Bh5 20. g4 Bg6 21. Nd2 Rad8 22. Bxc6 bxc6 23. Nc4 Rxd1+ 24. Rxd1 Bc2 25. Rd2 Bxa4 26. Bxe5 Bb5 27. Bxf6 Qxf6 28. Qxf6 gxf6 29. Rd4 c5 30. Rf4 Bxc4 31. Rxc4 Rb8 32. Rxc5 Rxb2 33. Ra5 Rb7 34. Ra6 Kg7 35. Kg2 h6 36. h4 Rb4 37. Kg3 Rb7 38. Kf4 Rb2 39. f3 Rb7 40. e4 Rc7 41. Ra4 Rb7 42. Kf5 Rb5+ 43. Kf4 Rb7 44. e5 fxe5+ 45. Kxe5 Rb5+ 46. Kd6 Rb3 47. f4 Rh3 48. Ke5 Rxh4 49. Kf5 Rh1 50. Rxa7 Re1 51. Rb7 Re2 52. Rb1 Rg2 53. Rh1 Rg3 54. Rh5 Ra3 55. g5 Ra5+ 56. Kg4 hxg5 57. Rxg5+ Rxg5+ 58. Kxg5 f5 59. Kxf5 Kf7 1/2-1/2

[Event "POL-ch U20 Girls"]
[Site "Karpacz"]
[Date "2022.11.23"]
[Round "6"]
[White "Siekanska, Zuzanna"]
[Black "Siekanska, Maria"]
[Result "1/2-1/2"]
[WhiteElo "1898"]
[BlackElo "2029"]
[PlyCount "39"]
[EventDate "2022.11.19"]
[EventType "swiss"]
[EventRounds "9"]
[EventCountry "POL"]
[SourceTitle "EXT 2024"]
[Source "ChessBase"]
[SourceDate "2023.10.10"]
[SourceVersion "1"]
[SourceVersionDate "2023.10.10"]
[SourceQuality "1"]

1. e4 e5 2. Nf3 Nc6 3. Nc3 Nf6 4. d4 exd4 5. Nxd4 Bb4 6. Nxc6 bxc6 7. Bd3 d5 8. exd5 cxd5 9. 0-0 0-0 10. Bg5 c6 11. Qf3 Be7 12. Rfe1 h6 13. Bxh6 gxh6 14. Qe3 d4 15. Qxh6 Qd6 16. Qg5+ Kh8 17. Qh6+ Kg8 18. Qg5+ Kh8 19. Qh6+ Kg8 20. Qg5+ 1/2-1/2

[Event "POL-ch U20 Girls"]
[Site "Karpacz"]
[Date "2022.11.22"]
[Round "4"]
[White "Waszczuk, Patrycja"]
[Black "Siekanska, Maria"]
[Result "1/2-1/2"]
[WhiteElo "2297"]
[BlackElo "2029"]
[PlyCount "113"]
[EventDate "2022.11.19"]
[EventType "swiss"]
[EventRounds "9"]
[EventCountry "POL"]
[SourceTitle "EXT 2024"]
[Source "ChessBase"]
[SourceDate "2023.10.10"]
[SourceVersion "1"]
[SourceVersionDate "2023.10.10"]
[SourceQuality "1"]

1. e4 c5 2. Nc3 e6 3. g3 d5 4. Bg2 dxe4 5. Nxe4 Nf6 6. d3 Be7 7. Ne2 0-0 8. 0-0 Nc6 9. Be3 Nd4 10. c3 Nxe2+ 11. Qxe2 Qc7 12. Nxf6+ Bxf6 13. d4 cxd4 14. cxd4 Bd7 15. Rfc1 Qb6 16. Rc3 Bb5 17. Qg4 Bc6 18. Rb3 Qa6 19. Bxc6 Qxc6 20. Rc1 Qd7 21. Qe4 b6 22. Qc6 Qxc6 23. Rxc6 Rfd8 24. Ra3 Be7 25. Ra4 Bd6 26. Bg5 f6 27. Bf4 b5 28. Ra5 Bxf4 29. gxf4 Rxd4 30. Rxb5 Rxf4 31. Rxe6 Kf8 32. Rb7 Rc8 33. Rd6 Ke8 34. Rd2 Rg4+ 35. Kf1 a5 36. Ra7 Rg5 37. h4 Rc1+ 38. Ke2 Re5+ 39. Kf3 Rf5+ 40. Kg2 Rc4 41. Rxg7 Rxh4 42. Rc2 Rg5+ 43. Rxg5 fxg5 44. Rc5 Ra4 45. a3 h6 46. f3 Kf7 47. Kg3 Kg6 48. Rc6+ Kh7 49. Ra6 h5 50. Kf2 g4 51. fxg4 hxg4 52. Kg3 Kg7 53. Rb6 Rd4 54. Rb5 a4 55. Rb6 Kf7 56. Kh4 Ke7 57. Rg6 1/2-1/2

[Event "POL-ch U20 Girls"]
[Site "Karpacz"]
[Date "2022.11.21"]
[Round "3"]
[White "Siekanska, Maria"]
[Black "Kudlak, Julia"]
[Result "1-0"]
[WhiteElo "2029"]
[BlackElo "1728"]
[PlyCount "65"]
[EventDate "2022.11.19"]
[EventType "swiss"]
[EventRounds "9"]
[EventCountry "POL"]
[SourceTitle "EXT 2024"]
[Source "ChessBase"]
[SourceDate "2023.10.10"]
[SourceVersion "1"]
[SourceVersionDate "2023.10.10"]
[SourceQuality "1"]

1. d4 g6 2. c4 Bg7 3. Nf3 d6 4. g3 Nd7 5. Bg2 c5 6. 0-0 Ngf6 7. Nc3 0-0 8. e4 a6 9. Re1 Rb8 10. e5 Ng4 11. exd6 exd6 12. dxc5 Nxc5 13. Bf4 Qb6 14. Qd2 Be6 15. h3 Ne5 16. Nxe5 dxe5 17. Bxe5 Rbd8 18. Nd5 Bxd5 19. Bxd5 Bxe5 20. Rxe5 Nd7 21. Re7 Qf6 22. Qe2 Nc5 23. Rd1 Ne6 24. Rxb7 Nd4 25. Qe7 Qg7 26. Re1 Nf5 27. Qe5 Qh6 28. Qf6 Rxd5 29. cxd5 Qd2 30. Re8 Qd1+ 31. Kh2 Qxd5 32. Rxf8+ Kxf8 33. Qh8# 1-0

[Event "EU-ch U16 Girls 30th"]
[Site "Antalya"]
[Date "2022.11.11"]
[Round "6"]
[White "Siekanska, Maria"]
[Black "Akat, Elifnaz"]
[Result "1-0"]
[WhiteElo "2029"]
[BlackElo "1826"]
[PlyCount "109"]
[EventDate "2022.11.06"]
[EventType "swiss"]
[EventRounds "9"]
[EventCountry "TUR"]
[SourceTitle "CBM 211 Extra"]
[Source "ChessBase"]
[SourceDate "2023.01.31"]
[SourceVersion "1"]
[SourceVersionDate "2023.01.31"]
[SourceQuality "1"]

1. d4 d5 2. c4 e6 3. Nf3 Nf6 4. g3 c6 5. Bg2 Bd6 6. Nc3 Nbd7 7. 0-0 0-0 8. Nd2 h6 9. e4 dxe4 10. Ndxe4 Be7 11. Bf4 Nxe4 12. Nxe4 Nf6 13. Qd2 Nxe4 14. Bxe4 Bg5 15. Rfd1 Bxf4 16. Qxf4 g5 17. Qe3 f5 18. Bc2 Qf6 19. Qe5 Bd7 20. Rac1 Be8 21. Re1 Rd8 22. Rcd1 Bh5 23. Rd3 Qxe5 24. Rxe5 Rfe8 25. Kg2 f4 26. gxf4 Bg6 27. Rd2 Bxc2 28. Rxc2 Rxd4 29. fxg5 Rg4+ 30. Kf3 Rg1 31. Rce2 hxg5 32. Rxe6 Rf8+ 33. Ke3 Kf7 34. Kd2 Rd8+ 35. Kc2 Rd7 36. R6e3 g4 37. Rg3 Rh1 38. f3 a5 39. fxg4 a4 40. Rd3 Rc1+ 41. Kxc1 Rxd3 42. Rd2 Rh3 43. Rd7+ Ke6 44. Rxb7 Rxh2 45. Rb6 Kd6 46. Ra6 Rh1+ 47. Kc2 Rh2+ 48. Kc3 Rh3+ 49. Kb4 Rh2 50. Ka3 Rh3+ 51. Kxa4 Rg3 52. Ra7 Rxg4 53. Kb4 Rg2 54. b3 Rg6 55. Rh7 1-0

[Event "EU-ch U16 Girls 30th"]
[Site "Antalya"]
[Date "2022.11.10"]
[Round "5"]
[White "Kipik, Feyza"]
[Black "Siekanska, Maria"]
[Result "0-1"]
[WhiteElo "1727"]
[BlackElo "2029"]
[PlyCount "92"]
[EventDate "2022.11.06"]
[EventType "swiss"]
[EventRounds "9"]
[EventCountry "TUR"]
[SourceTitle "EXT 2024"]
[Source "ChessBase"]
[SourceDate "2023.10.10"]
[SourceVersion "1"]
[SourceVersionDate "2023.10.10"]
[SourceQuality "1"]

1. e4 c5 2. c3 Nf6 3. e5 Nd5 4. d4 cxd4 5. cxd4 d6 6. Bc4 Nb6 7. Bb5+ Bd7 8. e6 fxe6 9. Bd3 g6 10. h4 Nc6 11. h5 g5 12. Nf3 Nd5 13. Nxg5 Qa5+ 14. Bd2 Qb6 15. Bc3 Bh6 16. Nxh7 0-0-0 17. Be4 Nxc3 18. bxc3 Qb2 19. 0-0 d5 20. Qc2 Qxc2 21. Bxc2 Be8 22. g4 Rg8 23. f3 Bxh5 24. Kf2 Bg6 25. Bxg6 Rxg6 26. g5 Bxg5 27. Nxg5 Rxg5 28. Nd2 e5 29. Rae1 exd4 30. cxd4 Kd7 31. Nb3 b6 32. a3 a5 33. Ke3 a4 34. Nc1 e5 35. dxe5 Rxe5+ 36. Kf2 Rde8 37. Rxe5 Nxe5 38. Na2 b5 39. Rd1 Kc6 40. Nb4+ Kc5 41. Rxd5+ Kc4 42. Rd1 Rf8 43. Ke3 Kc3 44. Nd5+ Kb2 45. f4 Nc4+ 46. Kd4 Nxa3 0-1

[Event "EU-ch U16 Girls 30th"]
[Site "Antalya"]
[Date "2022.11.08"]
[Round "3"]
[White "Humbatova, Nazli"]
[Black "Siekanska, Maria"]
[Result "0-1"]
[WhiteElo "1720"]
[BlackElo "2029"]
[PlyCount "48"]
[EventDate "2022.11.06"]
[EventType "swiss"]
[EventRounds "9"]
[EventCountry "TUR"]
[SourceTitle "EXT 2024"]
[Source "ChessBase"]
[SourceDate "2023.10.10"]
[SourceVersion "1"]
[SourceVersionDate "2023.10.10"]
[SourceQuality "1"]

1. e4 c5 2. Nf3 d6 3. d4 cxd4 4. Nxd4 Nf6 5. Nc3 a6 6. Qe2 e5 7. Nf5 d5 8. Bg5 d4 9. 0-0-0 Nc6 10. f4 Qa5 11. Bxf6 dxc3 12. Bxe5 Nxe5 13. fxe5 Be6 14. Nd6+ Bxd6 15. exd6 cxb2+ 16. Kxb2 Qxa2+ 17. Kc1 Qa3+ 18. Kd2 Qxd6+ 19. Ke1 Qb4+ 20. Kf2 Qc5+ 21. Ke1 0-0 22. Qd2 f5 23. Qd4 Qa5+ 24. c3 Rfd8 0-1